Statistics for Basic Harry Potter Quiz

Click here to take the quiz!

General Stats

  • This quiz has been taken 191,246 times
    (191,097 since last reset)
  • The average score is 25 of 30

Answer Stats

QuestionAnswer% Correct
What school does Harry Potter attend?Hogwarts
98%
Who is the headmaster of the school Harry attends?Albus Dumbledore
97%
Who is Harry Potter's closest male friend?Ron Weasley
97%
Who is Harry Potters greatest enemy?Lord Voldemort
96%
Who is Harry Potter's closest female friend?Hermione Granger
96%
Who tells Harry that he is, in fact, a wizard?Hagrid
95%
What teacher, despised by many, teaches potions?Severus Snape
94%
What game, using flying broomsticks, is played by wizards?Quidditch
93%
What platform does the train to the school depart from?9 3/4
92%
And what type of animal is it?Owl
92%
Who wrote the Harry Potter series?J.K. Rowling
91%
What type of creature is Dobby?House elf
90%
In what country are the books set?United Kingdom
90%
What is Harry's mothers name?Lily Potter
88%
What house is Draco Malfoy a part of?Slytherin
88%
In this game, what is Harry Potter's position?Seeker
86%
Who is George Weasley's twin?Fred
86%
What house has the house colour of blue?Ravenclaw
84%
What prison does Sirius Black escape from?Azkaban
83%
What is the name of Harry's pet?Hedwig
82%
Who dies during the Triwizard Tornament?Cedric Diggory
78%
What will "suck all the happiness from you"?Dementor
76%
What does the spell "Alohomora" doUnlocks
73%
What creature, from the Chamber of Secrets, petrifies students in Harry's second year?Basilisk
72%
Who haunts the girls bathroom?Moaning Myrtle
71%
What are Tom Riddle's diary and Rowena Ravenclaw's diadem?Horcruxes
71%
Who has radish earrings?Luna Lovegood
71%
What is the name of Voldemorts snake?Nagini
70%
Who is the mischievous poltergeist that wreaks havoc throughout the school?Peeves
58%
What holiday ball does the school hold?Yule Ball
57%

Score Distribution

Percentile by Number Answered

Percent of People with Each Score

Your Score History

You have not taken this quiz since the last reset